000 00683nam a22001817a 4500
003 OSt
005 20260109125636.0
008 260109b |||||||| |||| 00| 0 eng d
020 _a978 9966 1962 3 1
040 _aNIRU
_bEN
_cNIRU
050 _aHV 6431
_b.C43 2018 V.II
130 _aThe changing dynamics of terrorism and violent extremism policy and practice
245 _aThe changing dynamics of terrorism & violent extremism policy and practice
_cAli, Mustafa Yususf, Nzau Mumo, Khanneje [editors]
260 _aNairobi, Kenya
_bHorn International institute for strategic studies
_c2018
300 _a306 p.
650 _aTerrorism
_vViolent extremism
_xpolicy
942 _2lcc
_cBK
_n0
999 _c594
_d594